|
|
|
|
| LEADER |
00779aam a22002298a 4500 |
| 001 |
00029469 |
| 008 |
120809s2012 ||||||viesd |
| 005 |
20171026081022.0 |
| 020 |
# |
# |
|a 9786049176104
|
| 041 |
0 |
# |
|a vie
|
| 082 |
1 |
4 |
|a 398.095 975 1
|b V115H
|
| 100 |
1 |
# |
|a Võ, Văn Hòe
|
| 245 |
1 |
0 |
|a Văn hóa dân gian Hòa Vang
|c Võ Văn Hòe
|
| 260 |
# |
# |
|a H.
|b Dân Trí
|c 2012
|
| 300 |
# |
# |
|a 792 tr.
|c 21 cm.
|b ảnh
|
| 500 |
# |
# |
|a ĐTTS ghi: Hội văn nghệ dân gian Việt Nam
|
| 650 |
# |
4 |
|z Đà Nẵng
|z Việt Nam
|a Văn hóa dân gian
|
| 653 |
# |
# |
|a Văn hóa dân gian
|
| 852 |
# |
# |
|j KD.0013769
|
| 852 |
# |
# |
|j KD.0013769
|b Kho đọc
|
| 910 |
0 |
# |
|d 15/8/2012
|a kchi
|
| 980 |
# |
# |
|a Trung tâm Học liệu Lê Vũ Hùng, Trường Đại học Đồng Tháp
|